01117nam a22002417a 450000500170000000800410001702000180005803700160007604000350009204100080012708200140013510000400014924500530018926000190024230000260026152004230028765000430071065000500075365000370080394200120084099900170085295200060086920250130143555.0231219b |||||||| |||| 00| 0 eng d a9789584908360 3Donación  aCO-JMCRcCO-JMCRdCO-JMCRerda aspa aJ-PbBLAt aBlandón Schiller, Alberto 943086 atextos pandémicos /cAlberto Blandon Schiller  aBogota, c2020 a48 páginas c20 cm  aQue poco hemos andado en estos siglos. La sombra del dinosaurio aun relata nuestra adversidad y la llama de icaro amenaza con perecer. Miedo y contingencia recuerdan nuestros ancestros. De antiguos dolores traemos las rosas que encendemos. Apenas a un paso de las cavernas nos sabemos inmortales y temerosos. Desvalidos, imploramos la lejanía de los infectados. Ocultamos la cara frágil tela de nuestras suplicas.  2JMCR aadversidad xLiteratura 943094 2JMCRavulnerabilidad humana vCuentos 943095 2JMCRaPandemia vCuentos 943096 2ddccBK c30478d16862 00